| 000 | 00643nam a2200169 i 4500 | ||
|---|---|---|---|
| 001 | 36870 | ||
| 003 | ES-MaACL | ||
| 007 | t| | ||
| 008 | 030219s1955 mx ||||1| spa d | ||
| 100 | 1 |
_aBray, W. E. _931525 |
|
| 245 | 1 | 0 |
_aMétodos de laboratorio clínico / _cW. E. Bray ; segunda edición en inglés traducida de la cuarta edición en inglés por Oscar G. Carrera. |
| 250 | _a2ª ed. en español. | ||
| 260 |
_aMéxico : _bUnión Tipográfica Editorial Hispano-Americana, _c[1955] ( _fImpresiones Modernas) |
||
| 300 |
_aXVIII lám., 557 p. : _bil. ; _c26 cm. |
||
| 700 | 1 |
_aCarrera, Oscar G. _935633 |
|
| 852 |
_aES-MaACL _jC-9451 _bR.37886 |
||
| 999 |
_c36870 _d36870 |
||